000 00715nam a22002177a 4500
003 UA-OsUOA
001 128534
007 ta
008 20180117b un ||||| |||| 00| 0 ukr d
100 _aГончар М. Ф.
090 _a330(477)
_bГ65
942 _cSA
040 _aUA-OsUOA
_bukr
_cUA-OsUOA
_dUA-OsUOA
245 _aСпецифічні принципи формування і використання систем стрес-менеджменту на підприємствах
300 _aС.40-43
955 _a0
041 _aukr
080 _a330(477)
773 0 _w128528
_tЕкономіка. Фінанси. Право.
_dК.
_d2017
_g12
650 7 _a330 Економіка взагалі
_2UDC
999 _c416041
_d416041